000 00428nam a2200157Ia 4500
003 GCL
005 20240530103233.0
008 140319s9999 xx 000 0 ara d
040 _aGCL /
_cGCL
082 0 4 _a364
_bع د
100 1 _aعمر السعيد رمضان
245 1 0 _aدروس فى علم الاجرام /
_cعمر السعيد رمضان
300 _a173 ص
650 0 4 _aعلم الاجرام
942 _2ddc
_cBK
999 _c37802
_d37802